| 000 | 00486cam a22001457a 4500 | ||
|---|---|---|---|
| 008 | 180718b1959 xxu||||| |||| 00| 0 eng d | ||
| 082 | _aZx52 Ag85/5 | ||
| 100 | _aAkita, Yohinori | ||
| 245 |
_aAgricultural credit system in Japan _cby Yohinori Akita |
||
| 260 |
_aTokyo _bAgriculture, Forestry and Fisheries Productivity Conference _c1959 |
||
| 300 | _a80p. | ||
| 440 | _aAgricultural Development Series, 5 | ||
| 500 | _aBound with Zx52 Ag85/1-8 | ||
| 650 | _aAgricultural Credit - Japan | ||
| 999 |
_c357275 _d357275 |
||